Κατάλογος Βιβλιοθηκών Mediterranean College

Ψηφιακή Εισβολή στους Ολυμπιακούς Αγώνες / Retail Analytics: Ο Απρόβλεπτος Πελάτης Παραμένει Απρόβλεπτος (Record no. 9250)

MARC details
000 -LEADER
fixed length control field 01880cam a22001934a 4500
005 - ΗΜΕΡΟΜΗΝΙΑ ΚΑΙ ΩΡΑ ΤΕΛΕΥΤΑΙΑΣ ΕΝΗΜΕΡΩΣΗΣ
Πεδίο ελέγχου 20250605164357.0
008 - FIXED-LENGTH DATA ELEMENTS--GENERAL INFORMATION
Πεδίο ελέγχου σταθερού μήκους 250528s ||||||||||||||||||||||||d
035 ## - SYSTEM CONTROL NUMBER
System control number 24362
040 ## - ΠΗΓΗ ΚΑΤΑΛΟΓΟΓΡΑΦΗΣΗΣ
Φορέας πρωτότυπης καταλογογράφησης MC Athens Campus Library
Γλώσσα καταλογογράφησης Ελληνικά, Μοντέρνα (1453-)
Modifying agency MC Athens Campus Library
Κανόνες περιγραφικής καταλογογράφησης AACR2
245 1# - ΤΙΤΛΟΣ ΚΑΙ ΔΗΛΩΣΗ ΥΠΕΥΘΥΝΟΤΗΤΑΣ
Τίτλος Ψηφιακή Εισβολή στους Ολυμπιακούς Αγώνες / Retail Analytics: Ο Απρόβλεπτος Πελάτης Παραμένει Απρόβλεπτος
260 ## - PUBLICATION, DISTRIBUTION, ETC.
Date of publication, distribution, etc. 2016
300 ## - PHYSICAL DESCRIPTION
Extent 62
520 ## - SUMMARY, ETC.
Summary, etc. Προβληματικό Παρόν καΙ Επιφυλακτικό Μέλλον, Πόσο Έτοιμοι Είστε για την Εισβολή των Ρομπότ, UnITe στον Ψηφιακό Μετασχηματισμό, Ο Απρόβλεπτος Πελάτης Παραμένει Απρόβλεπτος, Η Αξία Οδηγεί την Τεχνολογία στις ΜμΕ, Ψηφιακή Εισβολή στους Ολυμπιακούς Αγώνες, Η Αλλαγή Ξεκινά από την Συμπεριφορά σας ως Ηγέτη, M-Secutity: Κινούμενος Στόχος και Συχνά Εύκολος, Ψηφιακή Σήμανση: Η Πρόκληση του Εκσυγχρονισμού, Το Ελληνικό IT Μεταναστεύει, Πρέπει να Είναι Ανοιχτά τα Δεδομένα, Το Marketing στην Εποχή του Οιοτικού Ψηφιακού Περιεχομένου, 3+1 Μαθήματα Ηγεσίας από τον Coach, Νέο Επιχειρηματικό Μοντέλο Εφαρμόζει η Cisco στην Ελλάδα, Επιχειρηματικές Ευκαιρίες στη Φροντίδα Κατ'Οίκον, Τα Πώς και Γιατί στο Machine Learning.
700 1# - ΠΡΟΣΘΕΤΗ ΑΝΑΓΡΑΦΗ--ΦΥΣΙΚΟ ΠΡΟΣΩΠΟ
Personal name Μαρκέτος Παναγιώτης
9 (RLIN) 9453
700 1# - ΠΡΟΣΘΕΤΗ ΑΝΑΓΡΑΦΗ--ΦΥΣΙΚΟ ΠΡΟΣΩΠΟ
Personal name Μπούσιας Μιχάλης Κ
9 (RLIN) 9357
942 ## - ADDED ENTRY ELEMENTS (KOHA)
Koha item type Περιοδικά Δημοσιεύματα
Holdings
Τύπος τεκμηρίου Βιβλιοθήκη Τρέχουσα τοποθεσία Barcode Ημερομηνία απόκτησης Ταξιθετικό σύμβολο Αριθμός αντιτύπου Αρίθμηση σειρών / χρονολογία Κατάσταση απόσυρσης Κατάσταση χαμένου Κατάσταση κατεστραμμένου Μη δανεισμός Σύνολο δανεισμών Ημερομηνία τελευταίας εμφάνισης Η τιμή ισχύει από
Περιοδικά Δημοσιεύματα MC Athens Campus Library MC Athens Campus Library 9780000092496 05/06/2025 NETWEEK 1 397           05/06/2025 05/06/2025

MC Athens Campus Library
Πατησίων 94 & Κοδριγκτώνος 13, 104 34
Πελλήνης 8 & Πατησίων 107, 112 51
Τ: +30 210 8899600

MC Thessaloniki Campus Library
Ίωνος Δραγούμη 21, 54625 | Ίωνος Δραγούμη 15, 54625
Τ: +30 2310 287779 – Τ: +30 2314 440300